Flagi terytoriów zależnych i regionów autonomicznych - Statystyki

Ogólne statystyki
  • Ten quiz został rozwiązany 379 razy
    344 od ostatniego zresetowania
  • Średni wynik to 35 z 90
Statystyki odpowiedzi
Obrazkowy Odpowiedź % Poprawnych
Grenlandia
83%
Hong Kong
83%
Gibraltar
80%
Portoryko
76%
Palestyna
75%
Szkocja
75%
Guam
73%
Aruba
72%
Wyspa Man
71%
Makau
69%
Cypr Północny
68%
Wyspy Owcze
68%
Katalonia
67%
Abchazja
64%
Jersey
62%
Naddniestrze
62%
Bermudy
60%
Bawaria
59%
Samoa Amerykańskie
59%
Nowa Kaledonia
58%
Curacao
56%
Guernsey
53%
Majotta
53%
Anguilla
52%
Polinezja Francuska
50%
Wyspy Alandzkie
50%
Falklandy
48%
Wyspy Kokosowe
48%
Niue
47%
Tybet
47%
Azory
46%
Brytyjskie Wyspy Dziewicze
46%
Wyspy Cooka
46%
Wyspy Dziewicze Stanów Zjednoczonych
46%
Bonaire
45%
Kurdystan
45%
Norfolk
45%
Sahara Zachodnia
45%
Gujana Francuska
44%
Mariany Północne
44%
Kraj Basków
43%
Alaska
42%
Tokelau
41%
Wyspa Bożego Narodzenia
41%
Zanzibar
41%
Gwadelupa
40%
Brytyjskie Terytorium Oceanu Indyjskiego
37%
Hawaje
37%
Wyspa Wielkanocna
37%
Somaliland
36%
Kajmany
35%
Osetia Południowa
34%
Reunion
34%
Wyspa Wake
33%
Czeczenia
32%
Saint-Pierre i Miquelon
32%
Montserrat
30%
Martynika
28%
Pitcairn
27%
Saba
27%
Donieck
26%
Sint Maarten
26%
Turks i Caicos
26%
Madera
25%
Francuskie Terytoria Południowe i Antarktyczne
24%
Krym
24%
Wallis i Futuna
24%
Ługańsk
23%
Georgia Południowa i Sandwich Południowy
22%
Wyspy Kanaryjskie
21%
Wyspa Świętej Heleny
20%
Quebec
19%
Sealand
19%
Republika Serbska
16%
Wyspa Wniebowstąpienia
16%
Saint-Barthélemy
15%
Brytyjskie Terytorium Antarktyczne
14%
Ceuta
14%
Sint Eustatius
14%
Tristan da Cunha
13%
Gagauzja
10%
Królewiec
9%
Liberland
9%
Karelia
8%
Biafra
7%
Turkiestan Chiński
6%
Chilijskie Terytorium Antarktyczne
5%
Wyspy Galapagos
4%
Mellila
3%
Wyspa Palmyra
2%
Nie znaleziono quizów pasujących do podanych kryteriów
Rozkład punktacji
Procent ludzi z każdym wynikiem
Percentyl według liczby udzielonych odpowiedzi
Twoja historia wyników
Nie rozwiązałeś tego quizu od ostatniego zresetowania